|
|
|
|
| LEADER |
01031nam a2200349 4500 |
| 001 |
DLU140162479 |
| 005 |
##20140723 |
| 008 |
##110720s2011 njua b 000 0 eng |
| 010 |
# |
# |
|a 2011026156
|
| 020 |
# |
# |
|a 9780470587690 (cloth)
|
| 040 |
# |
# |
|a DLC
|c DLC
|d DLC
|
| 042 |
# |
# |
|a pcc
|
| 050 |
# |
# |
|a QD381.9.R3
|b M35 2011
|
| 082 |
# |
# |
|a 620.192
|b MA-K
|
| 100 |
# |
# |
|a Makuuchi, Keizou.
|
| 245 |
# |
# |
|a Radiation processing of polymer materials and its industrial applications /
|c Keizou Makuuchi, Song Cheng.
|
| 260 |
# |
# |
|a Hoboken, N.J. :
|b Wiley,
|c 2011.
|
| 300 |
# |
# |
|a xxviii, 415 p. :
|b ill. ;
|c 25 cm.
|
| 504 |
# |
# |
|a Includes bibliographical references and index.
|
| 650 |
# |
# |
|a Polymers
|x Effect of radiation on.
|
| 650 |
# |
# |
|a Radiation chemistry
|x Industrial applications.
|
| 700 |
# |
# |
|a Cheng, Song.
|
| 923 |
# |
# |
|a 01/2014
|
| 992 |
# |
# |
|a 2684307
|
| 994 |
# |
# |
|a DLU
|
| 900 |
# |
# |
|a True
|
| 911 |
# |
# |
|a Đào Thị Thu Huyền
|
| 925 |
# |
# |
|a G
|
| 926 |
# |
# |
|a A
|
| 927 |
# |
# |
|a SH
|
| 980 |
# |
# |
|a Thư viện Trường Đại học Đà Lạt
|